000
00311nam a22001337a 4500
008
181031b xxu||||| |||| 00| 0 eng d
020
_a
9780030469886
041
_a
eng
080
_a
541
100
_a
12
101
_a
KIM
245
_a
General, Organic and Biological Chemistry
_c
Amend, J.R
942
_2
udc
_c
BK
999
_c
51279
_d
51279